[Event "Bristol Centenary & WECU Championship"]
[Site "The Great Hall, Bristol Gramm"]
[Date "2024.04.26"]
[Round "1.1"]
[White "Merry, Alan B"]
[Black "Meek, Stephen J"]
[Result "1-0"]
[WhiteElo "2438"]
[BlackElo "1977"]
[PlyCount "75"]
[EventDate "2024.04.26"]
[EventRounds "5"]
[EventCountry "ENG"]
[SourceTitle "DT 112"]
[SourceDate "2024.08.26"]
[SourceVersion "1"]
[SourceVersionDate "2024.08.26"]
[SourceQuality "1"]

1. d4 Nf6 2. c4 g6 3. g3 Bg7 4. Bg2 O-O 5. Nc3 d6 6. Nf3 Nc6 7. d5 Na5 8. b3 c5
9. Bb2 a6 10. O-O Rb8 11. a4 Bd7 12. Ra3 Qc7 13. Nd2 e5 14. dxe6 fxe6 15. Qa1
Bc6 16. Nce4 Nxe4 17. Nxe4 Bxe4 18. Bxe4 Nc6 19. e3 Rbd8 20. Rd1 Bxb2 21. Qxb2
Qg7 22. Qe2 Qe5 23. Bg2 Rd7 24. Ra2 Nb4 25. Rad2 Rfd8 26. h4 Kg7 27. f4 Qc3 28.
Bh3 Kf7 29. Kh2 Qxb3 30. f5 gxf5 31. e4 Qc3 32. exf5 exf5 33. Bxf5 Re7 34. Qh5+
Kg8 35. Bxh7+ Rxh7 36. Qg5+ Rg7 37. Qxd8+ Kh7 38. Qxd6 1-0

[Event "Bristol Centenary & WECU Championship"]
[Site "The Great Hall, Bristol Gramm"]
[Date "2024.04.26"]
[Round "1.2"]
[White "Alldritt, Nigel Re"]
[Black "Arkell, Keith C"]
[Result "1/2-1/2"]
[WhiteElo "1977"]
[BlackElo "2371"]
[PlyCount "153"]
[EventDate "2024.04.26"]
[EventRounds "5"]
[EventCountry "ENG"]
[SourceTitle "DT 112"]
[SourceDate "2024.08.26"]
[SourceVersion "1"]
[SourceVersionDate "2024.08.26"]
[SourceQuality "1"]

1. d4 Nf6 2. c4 e6 3. g3 Bb4+ 4. Bd2 Bxd2+ 5. Qxd2 d6 6. Nc3 O-O 7. Bg2 Qe7 8.
e4 e5 9. Nf3 Bg4 10. d5 Bxf3 11. Bxf3 Nbd7 12. O-O-O a6 13. Be2 Nc5 14. f3 b5
15. b4 Ncd7 16. Kc2 bxc4 17. Bxc4 Nb6 18. Qd3 a5 19. a3 axb4 20. axb4 Qd7 21.
Bb5 Qh3 22. Qf1 Qh6 23. Qe2 Nfd7 24. Qd2 Qg6 25. g4 Qf6 26. Qe3 Qh4 27. Qe1 Qh3
28. Qg3 Qh6 29. h4 Qe3 30. Rhe1 Qf4 31. Qxf4 exf4 32. Bc6 Rab8 33. Bxd7 Nxd7
34. Rb1 Ne5 35. Rf1 h5 36. g5 f6 37. gxf6 Rxf6 38. Ne2 Rbf8 39. Nd4 Rg6 40. Nc6
Rg2+ 41. Kc3 Ng6 42. Nd4 Ra8 43. Rg1 Ra3+ 44. Kc4 Ne5+ 45. Kb5 Rga2 46. Rg5 Ra6
47. Rxe5 dxe5 48. Nc6 Rb6+ 49. Kc4 Rc2+ 50. Kd3 Rh2 51. Nxe5 Rxh4 52. Nc4 Rb5
53. d6 cxd6 54. Nxd6 Rb6 55. e5 Rh2 56. Ke4 g6 57. b5 Rc2 58. Kxf4 Rc5 59. Rg1
Kh7 60. Ke4 Rc3 61. f4 h4 62. Kd4 Rf3 63. Kc5 Rb8 64. Re1 Rc3+ 65. Kd4 Rc7 66.
Rh1 g5 67. fxg5 Kg6 68. Rxh4 Kxg5 69. Re4 Kg6 70. Rg4+ Kh5 71. Rg1 Rb6 72. Kd5
Rc2 73. Rd1 Re2 74. Rd4 Kg6 75. e6 Kf6 76. Rf4+ Kg5 77. Rd4 1/2-1/2

[Event "Bristol Centenary & WECU Championship"]
[Site "The Great Hall, Bristol Gramm"]
[Date "2024.04.26"]
[Round "1.3"]
[White "Wells, Peter K"]
[Black "Davis, Colin J"]
[Result "1-0"]
[WhiteElo "2351"]
[BlackElo "1975"]
[PlyCount "91"]
[EventDate "2024.04.26"]
[EventRounds "5"]
[EventCountry "ENG"]
[SourceTitle "DT 112"]
[SourceDate "2024.08.26"]
[SourceVersion "1"]
[SourceVersionDate "2024.08.26"]
[SourceQuality "1"]

1. d4 d6 2. c4 e5 3. Nf3 e4 4. Ng5 f5 5. g3 h6 6. Nh3 g5 7. Nc3 Bg7 8. f3 Nf6
9. Bg2 c6 10. fxe4 fxe4 11. O-O d5 12. Qb3 Na6 13. cxd5 cxd5 14. Nxg5 hxg5 15.
Bxg5 Rh5 16. Nxe4 dxe4 17. Bxf6 Bxf6 18. Qg8+ Ke7 19. Qxd8+ Kxd8 20. Rxf6 Ke7
21. Raf1 Be6 22. Bxe4 Nc7 23. Rg6 Rah8 24. Rg7+ Kd6 25. Bf3 R5h7 26. Rxh7 Rxh7
27. Bxb7 Nb5 28. Be4 Re7 29. e3 Bh3 30. Rf4 Kc7 31. Kf2 Nd6 32. Bd3 Be6 33. b3
Bd5 34. h4 Ne4+ 35. Bxe4 Bxe4 36. g4 Kd6 37. h5 Kd5 38. g5 Rc7 39. g6 Rc2+ 40.
Kg3 Rg2+ 41. Kh4 a5 42. Rg4 Rxa2 43. h6 Rb2 44. Rxe4 Kxe4 45. g7 Kf3 46. h7 1-0

[Event "Bristol Centenary & WECU Championship"]
[Site "The Great Hall, Bristol Gramm"]
[Date "2024.04.26"]
[Round "1.4"]
[White "Fellowes, Billy"]
[Black "Boswell, Jacob Connor"]
[Result "0-1"]
[WhiteElo "1969"]
[BlackElo "2254"]
[PlyCount "52"]
[EventDate "2024.04.26"]
[EventRounds "5"]
[EventCountry "ENG"]
[SourceTitle "DT 112"]
[SourceDate "2024.08.26"]
[SourceVersion "1"]
[SourceVersionDate "2024.08.26"]
[SourceQuality "1"]

1. d4 Nf6 2. Nc3 d5 3. Bf4 g6 4. e3 Bg7 5. h4 h5 6. Nf3 O-O 7. Be2 c5 8. Nb5
cxd4 9. exd4 Nc6 10. Nc7 Rb8 11. Nb5 Ra8 12. Nc7 Rb8 13. Nb5 Bf5 14. Bxb8 Qxb8
15. c3 Re8 16. O-O Ng4 17. g3 Bh6 18. Bd3 Be3 19. Bxf5 Qxg3+ 20. Kh1 Qh3+ 21.
Kg1 Bf4 22. Bd7 Rd8 23. Bxc6 bxc6 24. Qe2 cxb5 25. Rad1 Rd6 26. Rd3 Rf6 0-1

[Event "Bristol Centenary & WECU Championship"]
[Site "The Great Hall, Bristol Gramm"]
[Date "2024.04.26"]
[Round "1.5"]
[White "Beaumont, Chris R"]
[Black "Crockart, George N"]
[Result "1-0"]
[WhiteElo "2224"]
[BlackElo "1954"]
[PlyCount "145"]
[EventDate "2024.04.26"]
[EventRounds "5"]
[EventCountry "ENG"]
[SourceTitle "DT 112"]
[SourceDate "2024.08.26"]
[SourceVersion "1"]
[SourceVersionDate "2024.08.26"]
[SourceQuality "1"]

1. Nf3 Nf6 2. d4 e6 3. g3 b6 4. Bg2 Bb7 5. O-O Be7 6. c4 O-O 7. Re1 d6 8. Nc3
Nbd7 9. e4 e5 10. d5 a5 11. b3 Ne8 12. a3 g6 13. Bh6 Ng7 14. h4 f6 15. b4 Rf7
16. Qc2 Ba6 17. Na4 Bf8 18. Be3 Ne8 19. Bh3 Kh8 20. Be6 Re7 21. bxa5 Nc5 22.
axb6 Nxe6 23. dxe6 c5 24. Red1 Qc8 25. Nc3 Qxe6 26. Nd5 Rf7 27. Rab1 h6 28. h5
g5 29. Nh2 Bb7 30. a4 Qd7 31. Ra1 Ra6 32. a5 Be7 33. g4 Bd8 34. f3 Ng7 35. Nf1
Ne6 36. Ng3 Ng7 37. Bf2 Qc6 38. Ne3 Bc8 39. Qd3 Be7 40. Rdb1 Ne6 41. Nd5 Nf4
42. Nxf4 gxf4 43. Ne2 Rg7 44. Nc3 Bd8 45. Nb5 Rd7 46. Na7 Rdxa7 47. bxa7 Rxa7
48. Be1 Bc7 49. Ra3 Ba6 50. Qd5 Qd7 51. Rab3 Kg7 52. Bf2 Qf7 53. Qxf7+ Kxf7 54.
Rc1 Ke7 55. Be1 Kd7 56. Ra3 Kc6 57. Rb3 Bc8 58. Kf1 Ba6 59. Ke2 Bc8 60. Kd3 Ba6
61. Rcb1 Ra8 62. Bh4 Bxa5 63. Rb8 Ra7 64. Rf8 Bb7 65. Rxf6 Bb4 66. Be1 Ra3+ 67.
Ke2 Ra2+ 68. Kf1 Bxe1 69. Kxe1 Rh2 70. Rd1 Rh1+ 71. Ke2 Rh2+ 72. Ke1 Rh1+ 73.
Kd2 1-0

[Event "Bristol Centenary & WECU Championship"]
[Site "The Great Hall, Bristol Gramm"]
[Date "2024.04.26"]
[Round "1.6"]
[White "Cast, Julian"]
[Black "Matlak, Oleksandr"]
[Result "1/2-1/2"]
[WhiteElo "1951"]
[BlackElo "2142"]
[PlyCount "149"]
[EventDate "2024.04.26"]
[EventRounds "5"]
[EventCountry "ENG"]
[SourceTitle "DT 112"]
[SourceDate "2024.08.26"]
[SourceVersion "1"]
[SourceVersionDate "2024.08.26"]
[SourceQuality "1"]

1. d4 Nf6 2. Nf3 c5 3. d5 e6 4. c4 exd5 5. cxd5 d6 6. Nc3 g6 7. Bf4 Bg7 8. e3
O-O 9. Be2 Bg4 10. h3 Bxf3 11. Bxf3 Qe7 12. O-O Nbd7 13. Qb3 Rfb8 14. a4 Ne5
15. Be2 a6 16. a5 Nfd7 17. Na4 b5 18. axb6 Qd8 19. Ra2 Nxb6 20. Nxb6 Rxb6 21.
Qc2 Rab8 22. Rb1 a5 23. e4 a4 24. Bd2 a3 25. b3 Ra8 26. Bc1 Qh4 27. Rxa3 Rab8
28. Be3 Rb4 29. Ra4 h5 30. Bd2 R4b6 31. Ra6 Rxa6 32. Bxa6 g5 33. Be2 g4 34.
hxg4 hxg4 35. Bf4 Bf6 36. Bg3 Qh5 37. Qd1 Kg7 38. f4 gxf3 39. Bxf3 Qh6 40. Kf2
Bh4 41. Bxh4 Qxh4+ 42. Ke2 Rb4 43. Qe1 Qf4 44. Qd1 Rd4 45. Qc1 Qg3 46. Qe3 Rd3
47. Qg1 Kf8 48. Qe1 Qf4 49. Qc1 Qf6 50. Qb2 Qh6 51. Qc1 Qh2 52. Qh1 Qf4 53. Qc1
Rxf3 54. gxf3 Qxf3+ 55. Kd2 Qd3+ 56. Ke1 Qxe4+ 57. Kf1 Qh1+ 58. Ke2 Qg2+ 59.
Ke3 Qf3+ 60. Kd2 Qxd5+ 61. Ke2 Qd3+ 62. Ke1 Qg6 63. Kd2 Qg2+ 64. Ke3 f5 65. Qh1
f4+ 66. Kxf4 Qg4+ 67. Ke3 Qd4+ 68. Ke2 Qd3+ 69. Kf2 Qd2+ 70. Kf1 Qd3+ 71. Kf2
Qc2+ 72. Ke3 Qd3+ 73. Kf2 Ng4+ 74. Kg2 Ne3+ 75. Kf2 1/2-1/2

[Event "Bristol Centenary & WECU Championship"]
[Site "The Great Hall, Bristol Gramm"]
[Date "2024.04.26"]
[Round "1.7"]
[White "Stubbs, Oliver"]
[Black "Baer, Bruce L"]
[Result "1-0"]
[WhiteElo "2116"]
[BlackElo "1945"]
[PlyCount "69"]
[EventDate "2024.04.26"]
[EventRounds "5"]
[EventCountry "ENG"]
[SourceTitle "DT 112"]
[SourceDate "2024.08.26"]
[SourceVersion "1"]
[SourceVersionDate "2024.08.26"]
[SourceQuality "1"]

1. d4 g6 2. e4 Bg7 3. Nf3 d6 4. Be2 Nf6 5. Nc3 O-O 6. O-O Nc6 7. h3 a6 8. a4 e5
9. dxe5 dxe5 10. Bc4 Be6 11. Bxe6 fxe6 12. Qxd8 Raxd8 13. Bg5 h6 14. Bxf6 Bxf6
15. Ne2 Be7 16. c3 a5 17. Nc1 Rf4 18. Re1 Bc5 19. Nb3 Bb6 20. Re2 Kg7 21. Nbd2
g5 22. Nc4 Kf6 23. Nh2 Kg7 24. Ng4 h5 25. Ngxe5 Nxe5 26. Nxe5 c6 27. g3 Rf6 28.
Nc4 Bc7 29. Rd2 Rxd2 30. Nxd2 Bb6 31. Rf1 h4 32. gxh4 gxh4 33. Kg2 Rf4 34. f3
Bc5 35. Nc4 1-0

[Event "Bristol Centenary & WECU Championship"]
[Site "The Great Hall, Bristol Gramm"]
[Date "2024.04.26"]
[Round "1.8"]
[White "Iwi, Graham R"]
[Black "Bicknell, Carl"]
[Result "0-1"]
[WhiteElo "1944"]
[BlackElo "2116"]
[PlyCount "80"]
[EventDate "2024.04.26"]
[EventRounds "5"]
[EventCountry "ENG"]
[SourceTitle "DT 112"]
[SourceDate "2024.08.26"]
[SourceVersion "1"]
[SourceVersionDate "2024.08.26"]
[SourceQuality "1"]

1. e4 e5 2. Nf3 Nc6 3. Bb5 Nge7 4. O-O Ng6 5. d4 exd4 6. Nxd4 Bc5 7. Nb3 Bb6 8.
Nc3 a6 9. Be2 O-O 10. Nd5 Ba7 11. Be3 Bxe3 12. Nxe3 Re8 13. f3 d6 14. Nd4 Nf4
15. c3 Qg5 16. Kh1 d5 17. Nxc6 bxc6 18. Bd3 f5 19. Bc2 fxe4 20. fxe4 dxe4 21.
Qd4 Bb7 22. Bxe4 Kh8 23. Qc4 Qe5 24. Ng4 Qxe4 25. Rxf4 Qxc4 26. Rxc4 Re2 27.
Rb4 Rb8 28. Rf1 h5 29. Nf2 a5 30. Rb3 a4 31. Rb4 c5 32. Rxa4 Bc6 33. Rf4 Rbxb2
34. h4 Rxa2 35. Kg1 Re3 36. Rf5 g6 37. Rxc5 Ba8 38. Rxc7 Rg3 39. Rc8+ Kg7 40.
Rc7+ Kh6 0-1

[Event "Bristol Centenary & WECU Championship"]
[Site "The Great Hall, Bristol Gramm"]
[Date "2024.04.26"]
[Round "1.9"]
[White "Crockart, Scott A"]
[Black "Nendick, Philip Hc"]
[Result "1-0"]
[WhiteElo "2115"]
[BlackElo "1938"]
[PlyCount "65"]
[EventDate "2024.04.26"]
[EventRounds "5"]
[EventCountry "ENG"]
[SourceTitle "DT 112"]
[SourceDate "2024.08.26"]
[SourceVersion "1"]
[SourceVersionDate "2024.08.26"]
[SourceQuality "1"]

1. c4 Nc6 2. Nc3 e5 3. Nf3 f5 4. d4 e4 5. Ng1 Nf6 6. Bg5 Bb4 7. e3 h6 8. Bxf6
Qxf6 9. Nge2 d6 10. a3 Bxc3+ 11. Nxc3 Ne7 12. Nb5 Kd8 13. c5 d5 14. Qd2 Bd7 15.
a4 a5 16. Be2 Nc6 17. O-O Nb4 18. f3 Qg6 19. fxe4 fxe4 20. Rf2 Bxb5 21. axb5
Ke7 22. Rf4 Rhf8 23. Rg4 Qh7 24. Qe1 Rf7 25. Qg3 Kf8 26. Rf4 Rxf4 27. Qxf4+ Kg8
28. Qxc7 g6 29. Qb6 Rf8 30. Qe6+ Qf7 31. Qxf7+ Rxf7 32. Rxa5 Nc2 33. Ra7 1-0

[Event "Bristol Centenary & WECU Championship"]
[Site "The Great Hall, Bristol Gramm"]
[Date "2024.04.26"]
[Round "1.10"]
[White "Hill, Andy"]
[Black "Khoury, Theo"]
[Result "0-1"]
[WhiteElo "1926"]
[BlackElo "2113"]
[PlyCount "58"]
[EventDate "2024.04.26"]
[EventRounds "5"]
[EventCountry "ENG"]
[SourceTitle "DT 112"]
[SourceDate "2024.08.26"]
[SourceVersion "1"]
[SourceVersionDate "2024.08.26"]
[SourceQuality "1"]

1. Nf3 d5 2. e3 Nf6 3. c4 dxc4 4. Bxc4 e6 5. O-O c5 6. d4 Nc6 7. Nc3 a6 8. Qe2
b5 9. Bb3 Bb7 10. Rd1 Qc7 11. a3 Be7 12. e4 cxd4 13. Nxd4 Nxd4 14. Rxd4 Bc5 15.
Rd3 O-O 16. Rh3 Qe5 17. Bc2 h5 18. Be3 Bxe3 19. Qxe3 Ng4 20. Qe2 Rfd8 21. Rd1
g6 22. Rg3 Nxh2 23. Rxd8+ Rxd8 24. Rd3 Rxd3 25. Qxd3 Ng4 26. g3 Qf6 27. f4 e5
28. Nd5 Bxd5 29. exd5 Qb6+ 0-1

[Event "Bristol Centenary & WECU Championship"]
[Site "The Great Hall, Bristol Gramm"]
[Date "2024.04.26"]
[Round "1.11"]
[White "Verma, Aditya"]
[Black "Gorgun, Aliriza Atif"]
[Result "1-0"]
[WhiteElo "2109"]
[BlackElo "1916"]
[PlyCount "86"]
[EventDate "2024.04.26"]
[EventRounds "5"]
[EventCountry "ENG"]
[SourceTitle "DT 112"]
[SourceDate "2024.08.26"]
[SourceVersion "1"]
[SourceVersionDate "2024.08.26"]
[SourceQuality "1"]

1. e4 c5 2. Nf3 d6 3. d4 cxd4 4. Nxd4 Nf6 5. Nc3 Nc6 6. g3 g6 7. Bg2 Nxd4 8.
Qxd4 Bg7 9. O-O O-O 10. Qd1 Bg4 11. Qd2 Rc8 12. h3 Be6 13. Nd5 Qd7 14. Kh2 Rc4
15. Re1 Rfc8 16. c3 h5 17. Qe2 R4c5 18. Be3 Nxd5 19. exd5 Rxd5 20. Bxd5 Bxd5
21. Bxa7 e5 22. Qd2 Be6 23. h4 Ra8 24. Be3 Rxa2 25. Rxa2 Bxa2 26. Rd1 d5 27.
Bh6 Bf6 28. Ra1 Bc4 29. Ra8+ Kh7 30. Bf8 Bg7 31. Bxg7 Kxg7 32. Qe3 Qe7 33. Rc8
Bf1 34. Kg1 Bh3 35. Qc5 Kf6 36. Qxe7+ Kxe7 37. Rc7+ Ke6 38. Rxb7 d4 39. cxd4
exd4 40. f3 Kd5 41. Kf2 Kc4 42. Ke2 Be6 43. Kd2 f5 1-0

[Event "Bristol Centenary & WECU Championship"]
[Site "The Great Hall, Bristol Gramm"]
[Date "2024.04.26"]
[Round "1.12"]
[White "Austin, Will"]
[Black "Saunders, Aron"]
[Result "0-1"]
[WhiteElo "1915"]
[BlackElo "2092"]
[PlyCount "86"]
[EventDate "2024.04.26"]
[EventRounds "5"]
[EventCountry "ENG"]
[SourceTitle "DT 112"]
[SourceDate "2024.08.26"]
[SourceVersion "1"]
[SourceVersionDate "2024.08.26"]
[SourceQuality "1"]

1. d4 d5 2. Bf4 Nf6 3. e3 c5 4. Nf3 Nc6 5. Nbd2 cxd4 6. exd4 Bg4 7. c3 e6 8.
Qb3 Qc8 9. Bd3 Be7 10. O-O O-O 11. Rfe1 a6 12. a4 Bh5 13. Ne5 Nd7 14. Ndf3 Bf6
15. h3 Re8 16. g4 Bxe5 17. dxe5 Nc5 18. Bxh7+ Kxh7 19. Qa3 Nd3 20. Bg3 Nxe1 21.
Rxe1 Bg6 22. Qc5 Kg8 23. Qe3 d4 24. cxd4 Nb4 25. h4 Nc2 26. Qg5 Nxe1 27. Nxe1
Qd8 28. Qf4 Qd5 29. h5 Qe4 30. Qd2 Bh7 31. f3 Qd5 32. h6 Bg6 33. hxg7 Red8 34.
Qh6 Bh7 35. Bf2 Rac8 36. Kg2 Qb3 37. Kg3 Rc2 38. g5 Rxf2 39. Kxf2 Qxb2+ 40. Kg3
Qxd4 41. Qf6 Rc8 42. Ng2 Rc2 43. Nf4 Qf2+ 0-1

[Event "Bristol Centenary & WECU Championship"]
[Site "The Great Hall, Bristol Gramm"]
[Date "2024.04.26"]
[Round "1.13"]
[White "Garcia, Oscar"]
[Black "Fu, Yuting"]
[Result "1-0"]
[WhiteElo "2088"]
[BlackElo "1914"]
[PlyCount "155"]
[EventDate "2024.04.26"]
[EventRounds "5"]
[EventCountry "ENG"]
[SourceTitle "DT 112"]
[SourceDate "2024.08.26"]
[SourceVersion "1"]
[SourceVersionDate "2024.08.26"]
[SourceQuality "1"]

1. e4 e5 2. Nf3 Nf6 3. Nc3 Bb4 4. Nxe5 O-O 5. Nd3 Bxc3 6. dxc3 Nxe4 7. Nf4 Re8
8. Be2 d6 9. O-O Nd7 10. c4 a5 11. a4 Ndc5 12. f3 Ng5 13. Rf2 Nge6 14. Nd5 Bd7
15. b3 c6 16. Nc3 Qf6 17. Qd2 Nd4 18. Bf1 Bf5 19. Ra2 Nce6 20. Bd3 Bxd3 21.
Qxd3 Nc5 22. Qd1 Nf5 23. Bb2 Qg6 24. Ra1 Re6 25. Qd2 Rae8 26. Ne2 R6e7 27. Nf4
Qg5 28. Nd5 Qh4 29. Nxe7+ Qxe7 30. Rff1 h5 31. Rae1 Ne6 32. Re4 Qc7 33. Rfe1 h4
34. Bc3 b6 35. Rf4 Ne7 36. Rxh4 Ng6 37. Rhe4 d5 38. Rg4 Qd6 39. h4 d4 40. Bxd4
Rd8 41. Rd1 c5 42. Bc3 Qe7 43. Qe1 Rxd1 44. Qxd1 Nxh4 45. Qe1 Nf5 46. Qe5 Nfd4
47. Bxd4 cxd4 48. Rxg7+ Kf8 49. Rg4 Qa3 50. Qb8+ Ke7 51. Qb7+ Kf6 52. Qe4 Qc1+
53. Kh2 Qd2 54. Kg3 Ke7 55. Rg8 Kd7 56. Qb7+ Nc7 57. Qe4 Ne6 58. Rg4 Kd6 59.
Rh4 Qg5+ 60. Rg4 Qd2 61. Kh2 Qh6+ 62. Rh4 Qd2 63. Rh5 Qd1 64. Rd5+ Ke7 65. Re5
Kf8 66. Qd3 Qc1 67. Qe2 Qf4+ 68. g3 Qh6+ 69. Kg2 Qg6 70. Qe4 Qh6 71. f4 Kg7 72.
Qe2 Qg6 73. Kf2 Qh6 74. Rh5 Qg6 75. f5 Qf6 76. Qg4+ Kf8 77. Qh4 Qe5 78. Rh8+
1-0

[Event "Bristol Centenary & WECU Championship"]
[Site "The Great Hall, Bristol Gramm"]
[Date "2024.04.26"]
[Round "1.14"]
[White "Miller, George I"]
[Black "Moore, Gerald"]
[Result "1/2-1/2"]
[WhiteElo "1893"]
[BlackElo "2076"]
[PlyCount "32"]
[EventDate "2024.04.26"]
[EventRounds "5"]
[EventCountry "ENG"]
[SourceTitle "DT 112"]
[SourceDate "2024.08.26"]
[SourceVersion "1"]
[SourceVersionDate "2024.08.26"]
[SourceQuality "1"]

1. e4 c5 2. c4 Nc6 3. Nc3 g6 4. g3 Bg7 5. Bg2 e6 6. Nge2 Nge7 7. d3 d6 8. O-O
O-O 9. Be3 Nd4 10. Rb1 Nec6 11. Qd2 Rb8 12. Bh6 a6 13. Bxg7 Kxg7 14. Nxd4 Nxd4
15. Ne2 Qf6 16. Nxd4 Qxd4 1/2-1/2

[Event "Bristol Centenary & WECU Championship"]
[Site "The Great Hall, Bristol Gramm"]
[Date "2024.04.26"]
[Round "1.15"]
[White "Krzyzanowski, Patryk"]
[Black "Perrin, Brent"]
[Result "1-0"]
[WhiteElo "2072"]
[BlackElo "1891"]
[PlyCount "65"]
[EventDate "2024.04.26"]
[EventRounds "5"]
[EventCountry "ENG"]
[SourceTitle "DT 112"]
[SourceDate "2024.08.26"]
[SourceVersion "1"]
[SourceVersionDate "2024.08.26"]
[SourceQuality "1"]

1. d4 g6 2. c4 Bg7 3. Nf3 d6 4. Nc3 Nf6 5. Bf4 O-O 6. e3 b6 7. Be2 Bb7 8. O-O
Nbd7 9. h3 Re8 10. Re1 Ne4 11. Nxe4 Bxe4 12. Qd2 e5 13. Bg5 Qc8 14. Rad1 a5 15.
b3 exd4 16. exd4 Nf8 17. Bh6 Bb7 18. Bxg7 Kxg7 19. d5 Qd8 20. Nd4 Qf6 21. Nb5
Re7 22. Bg4 Rae8 23. Nxc7 Rd8 24. Rxe7 Qxe7 25. Qd4+ Kg8 26. Qxb6 h5 27. Bf3
Bc8 28. Qxa5 Nd7 29. Re1 Qg5 30. Qc3 Ne5 31. Qe3 Qe7 32. Nb5 Bxh3 33. Bd1 1-0

[Event "Bristol Centenary & WECU Championship"]
[Site "The Great Hall, Bristol Gramm"]
[Date "2024.04.26"]
[Round "1.16"]
[White "Pang, Ethan"]
[Black "Guilfoyle, John M"]
[Result "1-0"]
[WhiteElo "1880"]
[BlackElo "2070"]
[PlyCount "103"]
[EventDate "2024.04.26"]
[EventRounds "5"]
[EventCountry "ENG"]
[SourceTitle "DT 112"]
[SourceDate "2024.08.26"]
[SourceVersion "1"]
[SourceVersionDate "2024.08.26"]
[SourceQuality "1"]

1. e4 c5 2. Nc3 Nc6 3. d3 d6 4. Be3 g6 5. d4 cxd4 6. Bxd4 Nxd4 7. Qxd4 e5 8.
Bb5+ Bd7 9. Bxd7+ Qxd7 10. Qd3 Nf6 11. Nge2 a6 12. Nd5 Nxd5 13. Qxd5 Qc6 14.
Nc3 Rd8 15. O-O Bg7 16. Qd3 O-O 17. Nd5 Kh8 18. c3 f5 19. f3 Rd7 20. b3 Rdf7
21. Rad1 Re8 22. Kh1 Bf8 23. a4 f4 24. g3 fxg3 25. hxg3 Re6 26. Kg2 g5 27. g4
h5 28. Rh1 h4 29. Ne3 Rh7 30. Nf5 Rg6 31. Rc1 Rd7 32. Qd5 Qxd5 33. exd5 Be7 34.
Ng3 Bd8 35. Ne4 Bb6 36. b4 Be3 37. Rc2 b6 38. Re1 Bf4 39. Kh3 Rb7 40. c4 Kg8
41. Rd1 Be3 42. a5 bxa5 43. c5 axb4 44. Nxd6 Rxd6 45. cxd6 Rd7 46. Rc6 a5 47.
Ra1 b3 48. Rxa5 b2 49. Rb5 Bd4 50. Rc8+ Kf7 51. Rc7 Rxc7 52. dxc7 1-0

[Event "Bristol Centenary & WECU Championship"]
[Site "The Great Hall, Bristol Gramm"]
[Date "2024.04.26"]
[Round "1.17"]
[White "Smith, Andrew P"]
[Black "Maton, Emily"]
[Result "1/2-1/2"]
[WhiteElo "2055"]
[BlackElo "1876"]
[PlyCount "92"]
[EventDate "2024.04.26"]
[EventRounds "5"]
[EventCountry "ENG"]
[SourceTitle "DT 112"]
[SourceDate "2024.08.26"]
[SourceVersion "1"]
[SourceVersionDate "2024.08.26"]
[SourceQuality "1"]

1. e4 e6 2. d4 d5 3. Nc3 Bb4 4. e5 c5 5. a3 Bxc3+ 6. bxc3 Ne7 7. Qg4 Qc7 8.
Qxg7 Rg8 9. Qxh7 cxd4 10. Ne2 Nbc6 11. h4 Bd7 12. Rb1 dxc3 13. Rh3 Qxe5 14.
Rxc3 b6 15. Bf4 Qf5 16. Qxf5 Nxf5 17. Bg5 Ne5 18. Nf4 d4 19. Rc7 Rxg5 20. hxg5
Kd8 21. Rxd7+ Kxd7 22. Nd3 Nxd3+ 23. Bxd3 Nd6 24. f4 Re8 25. Kf2 e5 26. fxe5
Rxe5 27. g6 fxg6 28. Bxg6 Nc4 29. a4 Rd5 30. Rb5 Rd6 31. Bd3 Ne3 32. Rg5 Rf6+
33. Ke2 Re6 34. Kd2 Rf6 35. Ke2 Re6 36. Bb5+ Kd6 37. Kd3 Re5 38. Rg6+ Kc5 39.
g4 Nf1 40. Rc6+ Kd5 41. c4+ dxc3 42. Rxc3 Ne3 43. Bc6+ Kd6 44. Bf3 Nd5 45. Bxd5
Rxd5+ 46. Ke4 b5 1/2-1/2

[Event "Bristol Centenary & WECU Championship"]
[Site "The Great Hall, Bristol Gramm"]
[Date "2024.04.26"]
[Round "1.18"]
[White "Clarke, James"]
[Black "Ogunshola, Olugbemiga (Ben)"]
[Result "1-0"]
[WhiteElo "1871"]
[BlackElo "2038"]
[PlyCount "121"]
[EventDate "2024.04.26"]
[EventRounds "5"]
[EventCountry "ENG"]
[SourceTitle "DT 112"]
[SourceDate "2024.08.26"]
[SourceVersion "1"]
[SourceVersionDate "2024.08.26"]
[SourceQuality "1"]

1. e4 d6 2. d4 g6 3. Nf3 Bg7 4. c3 Nf6 5. Bd3 O-O 6. O-O Bg4 7. Nbd2 Nc6 8. h3
Bxf3 9. Nxf3 e5 10. Re1 a6 11. Bc2 h6 12. Be3 Kh7 13. a4 Nh5 14. a5 Qf6 15. d5
Nb8 16. c4 c5 17. Rb1 b5 18. axb6 a5 19. Ba4 Qd8 20. b7 Ra7 21. Bb5 Rxb7 22.
Ra1 f5 23. exf5 gxf5 24. Nxe5 Bxe5 25. Qxh5 Qf6 26. f4 Bxb2 27. Rad1 Re7 28.
Bf2 Re4 29. Rxe4 fxe4 30. Qe2 Kg7 31. Qxe4 Qxf4 32. Qxf4 Rxf4 33. Bg3 Bd4+ 34.
Kh2 Rf6 35. Re1 a4 36. Bxa4 Na6 37. Bd7 Nb4 38. Be6 Bf2 39. Ra1 Bxg3+ 40. Kxg3
Nd3 41. Ra7+ Kg6 42. Rd7 Ne5 43. Rxd6 Nxc4 44. Rc6 Ne3 45. Rxc5 Nf1+ 46. Kh4
Rf4+ 47. g4 Ne3 48. Kg3 Rd4 49. Kf3 Nd1 50. Bf5+ Kf6 51. Rc6+ Ke5 52. Rxh6 Rxd5
53. Re6+ Kd4 54. Re2 Nc3 55. Rd2+ Ke5 56. Rc2 Nb5 57. Re2+ Kf6 58. Re6+ Kf7 59.
Kf4 Nd6 60. Re5 Rd1 61. h4 1-0

[Event "Bristol Centenary & WECU Championship"]
[Site "The Great Hall, Bristol Gramm"]
[Date "2024.04.26"]
[Round "1.19"]
[White "Banerjee, Supratit"]
[Black "Lesniowski, Paul A"]
[Result "1-0"]
[WhiteElo "2025"]
[BlackElo "1871"]
[PlyCount "47"]
[EventDate "2024.04.26"]
[EventRounds "5"]
[EventCountry "ENG"]
[SourceTitle "DT 112"]
[SourceDate "2024.08.26"]
[SourceVersion "1"]
[SourceVersionDate "2024.08.26"]
[SourceQuality "1"]

1. e4 c5 2. c3 Nf6 3. e5 Nd5 4. d4 cxd4 5. cxd4 e6 6. Nc3 Nxc3 7. bxc3 Qc7 8.
Bd2 b6 9. Nf3 Bb7 10. Bd3 d6 11. O-O Nd7 12. exd6 Bxd6 13. Re1 h6 14. Qe2 O-O
15. Ne5 Nxe5 16. dxe5 Bc5 17. Bxh6 gxh6 18. Qg4+ Kh8 19. Qh4 f5 20. exf6 Bxf2+
21. Kxf2 Qc5+ 22. Kf1 h5 23. Qf4 Rf7 24. Re5 1-0